| 000 | 00807nam a22001937a 4500 | ||
|---|---|---|---|
| 999 |
_c61289 _d61289 |
||
| 005 | 20240126174740.0 | ||
| 008 | 240126s2022 enk||||| |||| 00| 0 eng d | ||
| 020 | _a9791220388474 | ||
| 041 | _aeng | ||
| 080 | _a004.42 G-15 | ||
| 100 |
_aGallotti, Cesare _921145 |
||
| 245 |
_aInformation security - Edition 2022: _bRisk management. Management systems. The ISO/IEC 27001:2022 standard. The ISO/IEC 27002:2022 controls. _c Cesare Gallotti, Massimo Cottafavi, Stefano Ramacciotti. |
||
| 264 |
_aTorrazza Piemonte, _c2022. |
||
| 300 |
_a369 p. : _bill. ; _c30 cm. |
||
| 653 | _aსაინფორმაციო უსაფრთხოება | ||
| 700 |
_aRamacciotti, Stefano _eავტორი _921146 |
||
| 700 |
_aCottafavi, Massimo _eავტორი _921147 |
||
| 942 |
_2udc _cᲬᲘᲒᲜᲘ |
||